Normal view
MARC view
- Houterne, Guard
Entry Personal Name
001 - CONTROL NUMBER
- control field: 97501
003 - CONTROL NUMBER IDENTIFIER
- control field: NUST
005 - DATE AND TIME OF LATEST TRANSACTION
- control field: 20220816152715.0
008 - FIXED-LENGTH DATA ELEMENTS
- fixed length control field: 220816|| aca||aabn | a|a d
040 ## - CATALOGING SOURCE
- Original cataloging agency: NUST
- Transcribing agency: NUST
100 ## - HEADING--PERSONAL NAME
- Personal name: Houterne, Guard
670 ## - SOURCE DATA FOUND
- Source citation: Work cat.: (NUST)188412: Fiche, Georges. 97500, Mathematics for engineers /, 2008.
